|
|
|
|
| LEADER |
00000cam a2200000 7i4500 |
| 001 |
0000003709 |
| 005 |
20151222.0 |
| 008 |
070719 |
| 020 |
|
|
|a 9833435157
|
| 020 |
|
|
|a 9833435297(set)
|
| 090 |
0 |
0 |
|a JF
|b CT ENG (3358)
|
| 100 |
1 |
|
|a Stevenson, Robert Louis
|
| 245 |
1 |
0 |
|a Kidnapped
|c Robert Louis Stevenson
|
| 260 |
|
|
|a Kuala Lumpur :
|b Scholar's Publications ,
|c 2005
|
| 440 |
|
0 |
|a Illustrated classics series
|
| 500 |
|
|
|a Children ages 7-9 years old (orange)
|
| 650 |
|
0 |
|a Classic tale
|
| 650 |
|
0 |
|a Junior fiction
|x English
|x Languages
|
| 710 |
0 |
|
|a Title
|
| 999 |
|
|
|a 0000972903
|b Book
|c Children Collection
|e Cawangan Segamat
|
| 999 |
|
|
|a 0000972905
|b Book
|c Children Collection
|e Cawangan Tmn. Ungku Tun Aminah
|
| 999 |
|
|
|a 0000972906
|b Book
|c Children Collection
|e Cawangan Kota Tinggi
|